[Event "Bundesliga 1718"]
[Site "Germany"]
[Date "2018.02.03"]
[Round "7.5"]
[White "Edouard, Romain"]
[Black "L'Ami, Erwin"]
[Result "1/2-1/2"]
[WhiteElo "2607"]
[BlackElo "2611"]
[Annotator "Edouard,R"]
[PlyCount "96"]
[EventDate "2017.10.21"]
[EventType "team-tourn"]
[EventRounds "15"]
[EventCountry "GER"]
[SourceTitle "CBM 183"]
[Source "ChessBase"]
[SourceDate "2018.03.14"]
[SourceVersion "1"]
[SourceVersionDate "2018.03.14"]
[SourceQuality "1"]
[WhiteTeam "Werder Bremen"]
[BlackTeam "Solingen"]
[WhiteTeamCountry "GER"]
[BlackTeamCountry "GER"]

1. Nf3 d5 2. c4 e6 3. g3 c5 4. cxd5 exd5 5. d4 Nc6 6. Bg2 Nf6 7. O-O Be7 8. Nc3
O-O 9. dxc5 Bxc5 10. a3 $5 Ne4 {The critical move: otherwise Black is slightly
worse.} (10... Be6 11. b4 Be7 12. Bb2 Rc8 (12... Ne4 13. b5 $1 Nxc3 14. Bxc3
Na5 15. Nd4 Rc8 16. Qd3 $14) 13. Rc1 $14) (10... a6 11. b4 Ba7 12. Bg5 $14) (
10... Re8 11. b4 Bb6 (11... Bf8 12. Bb2 Bg4 13. h3 $14) 12. Bb2 Bf5 (12... Bg4
13. Na4 $14 {1-0 (31) Khairullin,I (2632)-Gabrielian,A (2589) Khanty-Mansiysk
2012}) 13. Na4 Be4 14. Rc1 $14) (10... a5 $6 {is ugly due to the hole on b5:}
11. Bg5 $5 $14) 11. Qc2 $5 {A very critical line and very new idea. It is even
forgotten in Aagaard's excellent book on the Tarrasch Defence, I believe.} (11.
Qxd5 Nxc3 12. Qxc5 Nxe2+ 13. Kh1 Nxc1 14. Raxc1 Qf6 {is fine for Black, as
Aagaard points out:} 15. b4 $5 $146 Bg4 16. Nd2 $5 (16. Qc3 Qxc3 17. Rxc3 Rfd8
18. Rfc1 h6 19. b5 Bxf3 20. Bxf3 Nd4 21. Bxb7 Rab8 $11) 16... Rad8 $1 17. Ne4
Qd4 $11) (11. Nxd5 Be6 12. Nc3 (12. Ne3 f5 $1 $44) 12... Qxd1 $5 (12... Nxc3 {
is usually played, but it isn't that easy for Black:} 13. bxc3 Qxd1 14. Rxd1
Rad8 $1 (14... Rfd8 15. Bf4 Rxd1+ 16. Rxd1 Bxa3 17. Nd4 $1 $14 {1-0 (81) Giri,
A (2730)-Kopylov,M (2473) Germany 2012}) 15. Bf4 Rxd1+ 16. Rxd1 Bxa3 17. Nd4
Nxd4 18. cxd4 b5 $1 {The difference without a rook on a8.} 19. Bc6 $1 Bc4 20.
d5 Bxe2 21. Re1 g5 $5 {Black should be able to hold:} 22. Bxg5 Bc4 23. Ra1 (23.
Bf4 Rd8 24. Be3 a6 25. Ra1 Bd6 26. Rxa6 b4 27. Rb6 Rb8 28. Rxb8+ Bxb8 29. Bc5
b3 30. d6 b2 31. Be4 Ba2 32. d7 Bc7 $11) 23... Bd6 24. Rxa7 b4 25. Rd7 Be5 26.
Rb7 b3 27. Be7 Rb8 28. Rxb8+ Bxb8 29. d6 b2 30. Be4 Ba2 31. d7 Bc7 $11) 13.
Nxd1 Na5 14. b4 (14. Ng5 Nxg5 15. Bxg5 Nb3 16. Rb1 h6 $44) 14... Nb3 15. Rb1
Bb6 $5 16. Re1 (16. Bf4 Rfd8 17. Re1 f6 18. Be3 Nd6 $44) 16... Nxc1 17. Rxc1
Rac8 $44) 11... Nxc3 12. Qxc3 Bb6 (12... Be7 13. Nd4 (13. Be3 Bf6 14. Nd4)
13... Nxd4 (13... Bg4 14. Nxc6 bxc6 15. Qxc6 Bxe2 16. Re1 Bc4 17. Bf4 Bf6 18.
Rab1 Rc8 19. Qb7 d4 20. Bh3 $1 {isn't easy for Black.}) 14. Qxd4 Be6 15. Bf4
Bf6 16. Be5 Bxe5 17. Qxe5 Qb6 18. Rfd1 $1 {and Black can't equalise!} (18. Rad1
Rac8 19. Bxd5 Bxd5 20. Rxd5 Rce8 $11 {1/2-1/2 (27) Shankland,S (2605)-Edouard,
R (2657) Barcelona 2013}) 18... Rac8 19. Bxd5 Bxd5 20. Qxd5 Qxb2 21. Ra2 $1 $14
) 13. b4 Bf5 $5 (13... Re8 14. Bb2 d4 15. Qd3 $1 Bg4 (15... Qf6 16. a4 $5 Nxb4
17. Qd2 a5 18. Nxd4 Rd8 19. e3 $14) 16. h3 Bh5 17. Rfd1 Bg6 18. Qd2 $14) (13...
Qe8 14. Bb2 f6 15. Qd2 $14 {1-0 (54) Demuth,A (2543)-Dale,A (2390) Adelaide
AUS 2017}) (13... d4 14. Qd3 $1 (14. Qd2 Bg4 15. Bb2 Qd7 16. Rad1 Rad8 17. b5
Bxf3 18. exf3 Ne5 19. Qb4 Qf5 $13 {1-0 (55) Van Kampen,R (2646)-Eckersley
Waites,T (2314) England 2018}) 14... Bg4 15. Bf4 $5 $14) 14. Bb2 d4 (14... f6
15. Rfd1 $14) 15. Qd2 Re8 $2 (15... Be4 $1 {is in my opinion the best line for
Black, and way to equalize against 10.Qc2:} 16. b5 (16. a4 a6 17. b5 Na5 18.
Qb4 axb5 19. axb5 Qd5 20. Bxd4 Bxf3 21. Bxb6 Bxg2 22. Rfd1 Nc6 23. Qxf8+ Rxf8
24. Rxd5 Bxd5 25. bxc6 Bxc6 $11 {1/2-1/2 (41) Potkin,V (2666)-Moranda,W (2560)
Legnica 2013}) (16. Rfd1 Qd5 17. Qg5 f5 $11) 16... Na5 17. Qb4 Rc8 18. Bxd4 Rc4
19. Bxb6 Qxb6 20. Qb2 (20. Qe7 Qxb5 $11) 20... Rc2 21. Qd4 Rxe2 $11) 16. Rad1 {
White just wins a pawn.} Rc8 17. Qf4 $5 (17. Nxd4 Nxd4 18. Bxd4 Bxd4 19. Qxd4
Qxd4 20. Rxd4 b6 $16) 17... Bc2 18. Rd2 Be4 $2 (18... Bg6 19. Nxd4 $18) 19.
Nxd4 Bxg2 $8 20. Nxc6 ({I spent all my time calculating} 20. Nf5 $1 {but then
panicked when seeing} Nd4 $8 21. Bxd4 Bxf1 22. Bxg7 Bh3 {but now White has the
brillant} 23. Bb2 $3 $18 {which I missed.}) 20... Bxc6 {The rest would be
hopeless for Black.} 21. Rxd8 Rcxd8 22. Qg5 $6 (22. Qg4 g6 23. b5 {was
probably an easy win, with the idea} Bxb5 $2 24. Qg5 $18) 22... Bd4 $8 23. Bxd4
Rxd4 {And this position isn't so easy, especially in time trouble!} 24. Qc5 (
24. Qc1 Rxe2 25. b5 Be8 {and Black has big chances for a draw.}) 24... Rd2 25.
b5 Rd5 26. Qc2 (26. Qxa7 Rxb5 {is not easy either.}) 26... Rxb5 27. f3 a5 28.
Rd1 Rbe5 29. Rd2 $6 ({There as no reason not to play} 29. e4 {right away, with
the idea} f5 $6 30. exf5 Bxf3 $4 31. Qb3+ $18) 29... a4 (29... Re3 {looked
natural but after} 30. a4 Ra3 31. Rd4 Rae3 32. Kf2 {White has an easy life.})
30. e4 f5 $1 31. exf5 Bxf3 32. Qc4+ Kh8 33. f6 gxf6 34. Kf2 $4 {Going crazy
once and for all.} (34. Qf4 Bc6 35. Qxf6+ Kg8 {is however a draw.}) 34... Rf5 {
Now it is Black who plays for a win.} 35. Qc1 $8 Bc6+ (35... Be2+ 36. Kg2 Bf1+
37. Kg1 Bh3 {was worrying me but after} 38. Rd1 {everything seems fine!}) 36.
Kg1 Rfe5 37. Kf2 Kg7 38. g4 $2 {No reason for such an ugly move!} h5 39. gxh5
Rxh5 40. Kg1 Rg5+ (40... Ree5 $1 {was apparently stronger, if} 41. Rd3 Reg5+ {
White can't play Rg3, so the position is a nightmare and probably lost.}) 41.
Kf1 Ree5 (41... Re4 $5 {seemed more annoying to me, although maybe after} 42.
Rb2 {with the idea Rxb7+ White survives:} Rf5+ 43. Rf2 $11) 42. Rd4 $8 Bb5+ (
42... Rc5 $1 {was the biggest choice according to the engine. Indeed, that
wouldn't have been fun.}) 43. Kf2 Re2+ 44. Kf3 Rge5 45. Rd6 {The safest, with
the idea to go Rxc6 whenever Black goes ...Bc6+. Luckily there doesn't seem to
be a win for Black.} Rf5+ (45... Bc6+ 46. Rxc6 bxc6 47. Qxc6 R2e3+ 48. Kf4 Rxa3
49. Qb7+ $11) 46. Kg3 Rg5+ 47. Kf3 Rf5+ 48. Kg3 Rg5+ 1/2-1/2

[Event "FIDE-Wch k.o."]
[Site "Groningen"]
[Date "1997.12.12"]
[Round "2.2"]
[White "Dreev, Alexey"]
[Black "Graf, Alexander"]
[Result "1-0"]
[WhiteElo "2640"]
[BlackElo "2585"]
[Annotator "Epishin,V"]
[PlyCount "129"]
[EventDate "1997.12.09"]
[EventType "k.o."]
[EventRounds "7"]
[EventCountry "NED"]
[SourceTitle "CBM 063"]
[Source "ChessBase"]
[SourceDate "1998.03.26"]
[SourceVersion "1"]
[SourceVersionDate "1998.03.26"]
[SourceQuality "1"]

1. d4 d5 2. c4 e6 3. Nc3 c5 4. cxd5 exd5 5. Nf3 Nc6 6. g3 Nf6 7. Bg2 Be7 8. O-O
O-O 9. dxc5 Bxc5 10. Bg5 d4 11. Bxf6 Qxf6 12. Nd5 Qd8 13. Nd2 a6 14. Rc1 Ba7
15. Nf4 Bd7 $6 16. Ne4 $1 $146 Qe7 $2 (16... Qa5 17. Qb3 Rab8 18. Nd6 Qe5 19.
Qa3 $1 $16 (19. Qd5 Qe7 20. Nf5 Qd8 $13)) 17. Nd5 Qe5 $2 (17... Qd8 18. Nd6 Rb8
19. Qb3 b5 $1 $16) 18. f4 $1 d3+ $8 19. Kh1 Qxb2 20. Qxd3 Bg4 (20... Rad8 21.
Rb1 Qd4 22. Qxd4 Bxd4 23. Rxb7 Bc8 24. Rc7 $16) 21. Rb1 Qd4 (21... Bxe2 22.
Nef6+ gxf6 23. Qf5 Qd4 24. Nxf6+ Kg7 25. Qg5+ Kh8 26. Qh6 Bd3 27. f5 $18) 22.
Qxd4 Bxd4 23. e3 Ba7 24. Nef6+ gxf6 25. Nxf6+ Kg7 26. Nxg4 h5 27. Bxc6 bxc6 28.
Ne5 Bxe3 29. Rfe1 Bd2 30. Re2 Bc3 31. Rc1 $1 $18 Bd4 32. Nxc6 Bf6 33. Kg2 Rfe8
34. Rxe8 Rxe8 35. Kf3 Re6 36. Rc5 Rd6 37. Nb4 h4 38. g4 Rd4 39. Nd5 Bd8 40. Ne3
Rd3 41. Rd5 Rxd5 42. Nxd5 Kg6 43. h3 Ba5 44. Ke2 Kg7 45. a3 Bd8 46. Kf3 Kg6 47.
Ke4 f6 48. Kf3 f5 49. Ne3 fxg4+ 50. Kxg4 a5 51. a4 Kf7 52. Kf5 Bb6 53. Nc4 Bc7
54. Ne5+ Ke7 55. Ng6+ Kd6 56. Nxh4 Kc5 57. Ng6 Kb4 58. h4 Kxa4 59. h5 Kb3 60.
h6 a4 61. h7 a3 62. h8=Q a2 63. Ke4 Bd6 64. Kd3 Ba3 65. Qc3+ 1-0

[Event "St Petersburg op"]
[Site "St Petersburg"]
[Date "1994.??.??"]
[Round "9"]
[White "Verdihanov, Vladislav"]
[Black "Monin, Nikolay"]
[Result "1-0"]
[WhiteElo "2420"]
[BlackElo "2390"]
[Annotator "Ernst,T"]
[PlyCount "55"]
[EventDate "1994.02.??"]
[EventType "swiss"]
[EventRounds "9"]
[EventCountry "RUS"]
[SourceTitle "CBM 041"]
[Source "ChessBase"]
[SourceDate "1994.08.01"]
[SourceVersion "1"]
[SourceVersionDate "1994.08.01"]
[SourceQuality "1"]

1. d4 d5 2. c4 e6 3. Nc3 c5 4. cxd5 exd5 5. Nf3 Nc6 6. g3 Nf6 7. Bg2 Be7 8. O-O
O-O 9. Bg5 c4 10. Ne5 Be6 11. Nxc6 bxc6 12. b3 Qa5 13. Na4 Rac8 (13... Rab8 14.
bxc4 dxc4 15. Bd2 Bb4 16. Bf4 Rbd8 17. a3 $14 {Levitt,J-Motwani,P/Hafnarfirdi/
1992/}) (13... Rad8 14. e3 c5 15. Bxf6 gxf6 $10 {Dohojan-Nenashev/SSSR (ch)/
1991/}) 14. e3 $1 (14. Qc2 c5 $10 {Neverov-Monin/St Petersburg/1994/}) 14... c5
15. dxc5 Bxc5 (15... Bd7 16. e4 Bxa4 17. e5 Bc6 18. exf6 Bxc5 $13 {
Schlemermeyer,W-Schmittdiel,E/BL/1990/}) 16. Bxf6 gxf6 17. Bxd5 $1 Bxd5 18.
Qxd5 c3 19. Qf5 $16 Bb4 20. Qc2 (20. Qxf6 c2 $44) 20... Ba3 21. Rad1 Rfd8 22.
Rd4 Rxd4 23. exd4 Qd5 24. Rd1 $18 Kg7 25. Rd3 Qe4 26. Nxc3 Qe1+ 27. Kg2 Bb4 28.
Qd1 $1 (28. Qd1 $1 Bxc3 29. Qg4+ $18) 1-0

[Event "Alushta4"]
[Site "Alushta"]
[Date "1994.??.??"]
[Round "9"]
[White "Onischuk, Alexander"]
[Black "Graf, Alexander"]
[Result "0-1"]
[WhiteElo "2535"]
[BlackElo "2575"]
[Annotator "Ernst,T"]
[PlyCount "140"]
[EventDate "1994.??.??"]
[EventType "tourn"]
[EventRounds "9"]
[EventCountry "UKR"]
[EventCategory "13"]
[SourceTitle "CBM 042"]
[Source "ChessBase"]
[SourceDate "1994.10.01"]
[SourceVersion "1"]
[SourceVersionDate "1994.10.01"]
[SourceQuality "1"]

1. d4 {Hecht} d5 2. c4 e6 3. Nc3 c5 4. cxd5 exd5 5. Nf3 Nc6 6. g3 Nf6 7. Bg2
Be7 8. O-O O-O 9. Bg5 c4 10. Ne5 Be6 11. f4 (11. Nxc6 bxc6 12. b3 Qa5 13. Na4
$14) 11... Ng4 (11... Qb6 $2 12. f5 Nxe5 13. Na4 Qc7 14. dxe5 Qxe5 15. Bxf6
Bxf6 16. fxe6 fxe6 17. Kh1 $16 {Sherbakov-Zelcic/Bled op/1992/}) 12. Bxe7 (12.
Nxg4 Bxg4 13. Bxd5 Bxg5 14. fxg5 Qxg5 15. Rf4 {Barbero,G-Sorensen,T/Copenhagen
op/1988/} Be6 $10) 12... Nxe7 13. Qd2 Nh6 (13... Nxe5 14. fxe5 Qd7 15. Rf2 $6
b5 $15 {Summermatter,D-Balashov,Y/Lenk op/1991/}) (13... f6 14. Nxg4 Bxg4 15.
e4 dxe4 16. Bxe4 Qb6 $13 {Fioramonti,H-Miljanic,B/Mitropa-Cup/1990/}) 14. h3 (
14. e4 dxe4 15. Bxe4 f6 16. Nf3 Qd7 17. d5 Bf7 $10 {Farago,I-Motwani,P/Vienna
op/1991/}) 14... f6 15. Nf3 Nhf5 16. g4 Nd6 17. f5 Bf7 18. Qf4 b5 $1 19. Rad1
Qd7 20. Ne5 (20. e4 Nxe4 21. Nxe4 dxe4 22. Qxe4 Bd5 $15) 20... Qb7 (20... fxe5
21. dxe5 Nb7 22. e6 Bxe6 23. fxe6 Qxe6 24. Qd4 $44) 21. Nxf7 Nxf7 22. e4 Rad8
23. exd5 (23. e5 $132) 23... Nd6 24. Rfe1 Qd7 25. Qe3 (25. Re6 b4 26. Ne4 Nxe4
27. Qxe4 Nxd5 28. Qxd5 Qxd5 29. Bxd5 Rxd5 30. Rc6 $16) 25... Rfe8 26. Qe6+ Kf8
27. Qxd7 Rxd7 28. Re6 Nec8 29. Rde1 Red8 $13 30. h4 Nb6 31. a3 Na4 32. R1e2 Rb8
33. Bh3 Nxc3 34. bxc3 a5 35. g5 $1 b4 36. axb4 axb4 37. cxb4 (37. gxf6 b3 38.
Rb2 Ra8 $44) 37... Nb5 38. Rc2 $6 Nxd4 39. Rxc4 Nxe6 40. dxe6 Rdb7 41. Kf2 Rxb4
42. Rxb4 Rxb4 43. Kg3 Rb3+ 44. Kg4 Ke7 $17 45. Bg2 g6 $1 46. fxg6 hxg6 47.
gxf6+ Kxf6 48. Bd5 (48. Be4 {Hecht} Rb4 49. Kf3 Rc4 50. Ke3 Rc1 51. Kf4 Rf1+
52. Ke3 Rg1 53. Kf4 Kxe6 54. Bd3 Kf6 55. Be4 Ra1 56. Kg3 Ra4 57. Bc2 Rb4 58.
Kh3 $17 {Gewinn oder Remis?}) 48... Rb5 49. Ba2 Rb4+ 50. Kg3 Ke7 51. Kh3 Kd6
52. Kg3 Rb2 53. Bc4 Rc2 $1 54. Bf1 {The diagonal a2-d5 is too short.} (54. Bb3
$4 Rc3+ $19) 54... Kxe6 55. Bh3+ Kf6 56. Bg4 Rc1 57. Bd7 (57. Kf4 $5 {Hecht})
57... Ke5 58. Bh3 Ke4 59. Bg2+ Ke3 60. h5 $6 (60. Bd5 Rg1+ 61. Kh2 Kf2 62. Bf7
Rg4 63. Kh3 Rg3+ 64. Kh2 Kf3 65. h5 g5 66. h6 g4 $19) (60. Bb7 {Hecht} Rg1+ 61.
Bg2 Ke2 62. Kh2 Kf2 63. Bb7 Rg3 64. Ba8 Ra3 65. Bb7 Ra7 66. Bd5 g5 67. Kh3 Rh7
68. Kg4 gxh4 69. Kh3 Ke3 $19) 60... gxh5 61. Kh4 Rc2 62. Bb7 Rh2+ 63. Kg3 Rb2
$19 64. Bc6 Rb4 65. Be8 h4+ 66. Kh3 Kf4 67. Bd7 (67. Kxh4 Rb8 68. Bh5 (68. Bg6
{Hecht} Rh8+ 69. Bh5 Rh7 $19) 68... Rh8 $19) 67... Rb3+ 68. Kh2 (68. Kxh4 Rb7
69. Be8 Rh7+ 70. Bh5 Rh6 $19) 68... h3 $1 69. Be6 Rf3 70. Bd7 (70. Bxh3 Rf2+
71. Bg2 Kg4 72. Kg1 Kg3 $19) 70... Kg5 (70... Kg5 {Hecht} 71. Bxh3 Kh4 72. Bd7
Rf2+ 73. Kg1 Kg3 74. Bb5 Rb2 75. Bc4 Rb1+ 76. Bf1 Ra1 $19) 0-1

[Event "Bundesliga 0809"]
[Site "Germany"]
[Date "2009.01.31"]
[Round "10.7"]
[White "Galyas, Miklos"]
[Black "Fish, Gennadij"]
[Result "0-1"]
[WhiteElo "2454"]
[BlackElo "2531"]
[Annotator "Fish/Meyer,CD"]
[PlyCount "74"]
[EventDate "2008.10.03"]
[EventType "team-tourn"]
[EventRounds "15"]
[EventCountry "GER"]
[SourceTitle "CBM 128 Extra"]
[Source "ChessBase"]
[SourceDate "2009.03.05"]
[SourceVersion "2"]
[SourceVersionDate "2009.03.25"]
[SourceQuality "1"]
[WhiteTeam "Trier"]
[BlackTeam "Werder Bremen"]
[WhiteTeamCountry "GER"]
[BlackTeamCountry "GER"]

1. d4 d5 2. c4 e6 3. Nc3 c5 4. cxd5 exd5 5. Nf3 Nc6 6. g3 Nf6 7. Bg2 Be7 8. O-O
Be6 ({Üblich ist} 8... O-O 9. Bg5 cxd4 (9... Be6 $143 10. dxc5 Bxc5 11. Bxf6
Qxf6 12. Nxd5 Qxb2 13. Nc7 Rad8 14. Qc1 Qxc1 15. Raxc1 $14) 10. Nxd4 h6 11. Be3
Re8 $13 {womit eine Tabija der Tarrasch-Verteidigung erreicht wäre.}) 9. dxc5
Bxc5 10. Bg5 (10. Na4 $142 Be7 11. Be3 O-O 12. Rc1 Ne4 13. Nd4 Nxd4 14. Bxd4
Qd7 15. Nc3 Rfd8 16. e3 Bg4 17. f3 $16 {ECO/D4}) 10... d4 $6 (10... O-O $142
$14 {Nach der Rochade entsteht wieder eine bekannte theoretische Stellung, die
bereits als etwas besser für Weiß gilt, siehe oben unter 8...0-0/9...Be6. Der
zweifelhafte Textzug geht zurück auf die Partie Burn-Tarrasch, Breslau 1912.})
11. Bxf6 Qxf6 12. Ne4 Qe7 13. Nxc5 Qxc5 14. Rc1 Qb6 15. Qd3 $6 ({Wie die
Altvorderen bereits erprobt hatten, verdient} 15. Ng5 $142 $1 {den Vorzug, z.B.
} Bf5 (15... Bxa2 $6 16. Rxc6 bxc6 17. Qa4 Bb3 18. Bxc6+ Kd8 19. Qa3 Qxc6 20.
Qxb3 Re8 21. Qxf7 $40) 16. e3 O-O 17. Bxc6 bxc6 18. Qxd4 Qxd4 19. exd4 f6 20.
Nf3 $14 {Aufgrund seines starken Läufers hat Schwarz sich Remischancen bewahrt,
seine Stellung ist aber sehr unangenehm zu spielen.}) 15... h6 16. Qa3 Nb4 17.
Ne5 O-O 18. Nc4 Bxc4 $2 ({Diesen Zug hat Schwarz in dem Glauben gemacht, die
weiße Dame eingesperrt zu halten, dabei aber den nachfolgenden 20. Zug seines
Gegners übersehen. Richtig war} 18... Qb5 {mit gleichen Chancen, z.B.} 19. Nd6
Qb6 20. Nxb7 Rab8 21. Nc5 Nxa2 22. Rb1 Nb4 23. Nxe6 fxe6 $11) 19. Rxc4 a5 20.
Qb3 $1 {Tatsächlich ist es die schwarze Dame, die nun auf tönernen Füßen steht.
} Rad8 21. a3 $6 ({Zu ungeduldig! Der prophylaktische Zwischenzug} 21. Rd1 $1 {
hätte den Isolani auf d4 nicht von der Leine gelassen und die Misere des
Schwarzen schonungslos offengelegt:} Rfe8 22. a3 Qe6 $1 23. Bxb7 Rb8 24. Rdxd4
Rxb7 25. Qf3 $1 $16 (25. e3 $143 Reb8)) 21... Qe6 $1 ({Originelle Entfesselung
und Gegenfesselung, jedoch nicht} 21... Nd5 $2 22. Qxb6 Nxb6 23. Rc7 $16 {
Damit mischt der Nachziehende wieder mit.}) 22. Bxb7 ({Freilich nicht} 22. axb4
$4 {wegen} b5 $17) 22... d3 $1 ({Ein raffinierter Gegenstoß, während} 22... Rb8
$6 {nach} 23. axb4 Rxb7 24. Qd3 Rxb4 25. Rxb4 axb4 26. Qxd4 Qxe2 27. Qxb4 $16 {
dem Weißen ein risikoloses Schwerfiguren-Endspiel mit einem Mehrbauern
überließe.}) 23. Bf3 $2 ({I Weiß verfängt sich in den taktischen Fallstricken,
indes hätte} 23. e4 $5 {zumindest einen kleinen Vorteil bewahrt, z.B.} d2 24.
axb4 a4 (24... d1=Q $2 25. Rxd1 a4 (25... Rxd1+ 26. Qxd1 Qxc4 27. bxa5 $18 Qb4
28. a6 Qxb2 29. Qd6 $18) 26. Qxa4 Qxc4 27. Rxd8 Rxd8 28. Bd5 $16) 25. Qc2 d1=Q
26. Rxd1 Rxd1+ 27. Qxd1 Qxc4 28. Qxa4 Rb8 29. b3 Qd4 30. Kg2 Qb6 31. Bd5 Qxb4
32. Qd7 $5 $14 {und angesichts des prächtigen Läuferpostens auf d5 und zweier
Mehrbauern kann Weiß aus sicherer Lage Gewinnversuche unternehmen.} (32. Qxb4
$2 Rxb4 $11)) ({II} 23. exd3 $2 {scheitert gründlich an} Rxd3 $19) 23... Rd4 ({
Damit wendet sich das Blatt, denn der erhöhte Druck auf den gefesselten Turm
c4 erzwingt eine vorteilhafte Abwicklung für Schwarz, während} 23... dxe2 $2 {
wegen} 24. Bxe2 Qxe2 25. axb4 a4 $13 {/= voreilig gewesen wäre.}) 24. Rc3 dxe2
{Der einstige Isolani hat auf seinem Weg von d5 nach e2 reichlich Verwirrung
gestiftet.} 25. Bxe2 ({Schlechter erscheint} 25. Re1 $6 Qxb3 26. Rxb3 Nd3 27.
Rxe2 Nc1 28. Rb7 Nxe2+ 29. Bxe2 $17) 25... Qxe2 26. axb4 Rxb4 27. Qd5 $5 ({
Ebenfalls in Betracht kam} 27. Qc2 $5 {nebst Übergang ins Doppelturmendspiel}
Rxb2 28. Qxe2 Rxe2 $15 {und in einem derartigen Endspiel ist der Vorteil mit
dem Mehrbauern auf der a-Linie erfahrungsgemäß kaum zu realisieren} {(} 29. Ra1
Ra8 30. Rca3 Re5 31. f4 Rd5 32. Kf2 f5 33. Rb1 $5 {)}) 27... Qxb2 ({Auch mit
den Damen auf dem Brett sind die schwarzen Gewinnchancen in diesem
Schwerfigurenendspiel gering, vorausgesetzt natürlich, Weiß hält aktiv dagegen.
Oder z.B.} 27... a4 28. Ra3 (28. Rfc1 Rxb2) (28. Rc7 Qxb2) 28... Qxb2 29. Rfa1
Qc2 30. R1a2 (30. R3a2 Rb1+ 31. Rxb1 Qxb1+ 32. Kg2 Qb3 $17) 30... Qc1+ 31. Kg2
Rb1 32. Qd3 Qc6+ 33. Qf3 Qb5 34. Qe2 Qxe2 35. Rxe2 Rb4 36. Re7 Rd8 37. Ra7 Rdd4
$15) 28. Rfc1 a4 29. Rc8 $2 ({Der vorentscheidende Fehler, wonach Weiß kaum zu
retten ist. Eine zähe und vermutlich ausreichende Verteidigung bot} 29. R1c2 $1
{, z.B.} Qa1+ (29... Rb5 30. Qd7 Qb4 31. Rc8 Rb8 32. Rxb8 Rxb8 33. Rc7 Qb1+ 34.
Kg2 Qe4+ 35. Kh3 Qe8 36. Qxe8+ Rxe8 37. Ra7 $15) 30. Kg2 Rb1 31. Rc8 Rg1+ 32.
Kh3 Qf1+ 33. Kh4 $1 g5+ 34. Kg4 Qd1+ 35. Qxd1 Rxd1 36. Rxf8+ Kxf8 37. Rc8+ Kg7
38. Ra8 Rd4+ 39. Kf5 $15) 29... Rb8 $17 30. Rxf8+ Rxf8 31. Rc7 Qb1+ 32. Kg2 Qb8
33. Qd7 (33. Rc3 Qa8) 33... Qa8+ 34. Kg1 {(?)} ({Weiß ergibt sich in sein
Schicksal, dabei hätte} 34. f3 {den Gegner wesentlich mehr gefordert:} Qa6 $1
35. Qe7 (35. Ra7 Qe2+ 36. Kh3 (36. Kg1 Qe3+ 37. Kg2 a3) 36... Qxf3 37. Rxa4
Qf1+ 38. Kg4 Qg2 $19) 35... Qg6 36. Qb4 (36. Ra7 Qc2+ 37. Kh3 Qf5+ 38. Kg2 Rb8
$19) 36... Rd8 $19) 34... a3 $19 {Danach läuft alles wie am Schnürchen.} 35.
Ra7 ({Zwecklos ist ebenso} 35. Rc1 {wegen} a2 36. Qd4 Rb8 37. Qa1 Qd5 {/Qa3
usw. Nach dem Textzug kombiniert Schwarz die Unterstützung seines Freibauern
mit einem gefälligen Mattangriff.}) 35... Qf3 36. Qd2 (36. Qb7 Qxb7 37. Rxb7
Ra8) (36. Qd6 Re8) 36... Rb8 37. Qc2 Rb2 0-1

[Event "Budapest FS02 GM"]
[Site "Budapest"]
[Date "1994.??.??"]
[Round "13"]
[White "Lingnau, Carsten"]
[Black "Vajda, Albert"]
[Result "1/2-1/2"]
[WhiteElo "2395"]
[BlackElo "2400"]
[Annotator "Ftacnik,L"]
[PlyCount "56"]
[EventDate "1994.02.??"]
[EventType "tourn"]
[EventRounds "13"]
[EventCountry "HUN"]
[EventCategory "9"]
[SourceTitle "CBM 040"]
[Source "ChessBase"]
[SourceDate "1994.06.01"]
[SourceVersion "1"]
[SourceVersionDate "1994.06.01"]
[SourceQuality "1"]

1. d4 d5 2. c4 e6 3. Nf3 c5 4. cxd5 exd5 5. Nc3 Nc6 6. g3 Nf6 7. Bg2 Be7 8. O-O
O-O 9. Bg5 Re8 10. Rc1 cxd4 11. Nxd4 Bg4 (11... Bd7 12. Bf4 $1 Bc5 $2 13. Ndb5
$1 Rc8 14. Nxd5 Nxd5 15. Bxd5 Nb4 16. Bxf7+ $1 Kxf7 17. Rxc5 $1 Rxc5 18. Nd6+
Kg8 19. Nxb7 Qa8 $1 20. Qxd7 $1 Rd5 21. Nd6 Rxe2 22. a3 $1 Nd3 23. Qf7+ Kh8 24.
Bh6 $1 $18 {Sherbakov,R-Magomedov,M/Cheliabinsk/1990/ 1-0 (44)}) (11... Be6 12.
Qa4 Qb6 13. Nb3 Rad8 14. Bxf6 Bxf6 15. Rfd1 Bxc3 16. Rxc3 Bd7 17. Rd2 Re5 18.
e3 h6 19. Qa3 Bf5 20. Rc5 d4 21. Rxe5 Nxe5 22. Rxd4 Nc4 23. Qe7 Nd6 24. Nc5 Rc8
25. Qxd6 $16 {Stangl,M-Lputian,S/Altensteig/1989/ 1-0 (55)}) (11... h6 12. Bf4
a6 (12... Bg4 13. h3 Be6 14. Nxe6 fxe6 15. e4 d4 16. e5 dxc3 17. exf6 Bxf6 18.
bxc3 Qxd1 19. Rfxd1 Rad8 20. Be3 a6 21. c4 Rxd1+ 22. Rxd1 Na5 23. c5 Rd8 24.
Rb1 Rd7 25. Kf1 $14 {Muir,A-Sathe,B/BCF-ch/1987/ 0-1 (59)}) 13. Re1 Bf8 14. e4
Nxd4 15. Qxd4 dxe4 16. Qxd8 Rxd8 17. Nxe4 Nd5 18. Bd6 Bd7 19. Bxf8 Kxf8 20. Nc3
Nxc3 21. Rxc3 Be6 22. Bxb7 Ra7 23. Bf3 Bxa2 24. b3 Rad7 25. Ree3 $10 {Sarno,
S-Konings,L/Lugano op (3)/1989/ 0.5 (38)}) 12. Qa4 (12. h3 Be6 13. Nxe6 fxe6
14. Qb3 Qd7 15. Rfd1 Kh8 16. Qa4 Rad8 17. Be3 Bd6 18. Bf4 Bxf4 19. Qxf4 e5 20.
Qh4 Qf7 21. Qa4 Rf8 22. e3 d4 23. exd4 exd4 24. Bxc6 dxc3 25. Rxd8 $10 {
Peelen,P-Van Laatum,G/Groningen op (07)/1990/ 0.5 (28)}) 12... Qd7 13. e3 (13.
Rfd1 Rad8 $13) 13... Rad8 14. Bxf6 Bxf6 15. Nxd5 Bxd4 (15... Nxd4 $6 16. Nxf6+
gxf6 17. Qxd4 Qxd4 18. exd4 Rxd4 19. Rc7 $16) 16. exd4 Be2 17. Rfe1 b5 $1 18.
Qa3 (18. Qc2 Nxd4 19. Qc3) 18... Nxd4 19. Qc3 (19. Rc7 Qg4 $40 (19... Nf3+ $2
20. Bxf3 Bxf3 21. Rxe8+ Rxe8 22. Qxf3 $18)) 19... Qg4 20. h3 Nf3+ 21. Kh1 Qf5
22. Ne3 (22. Rxe2 $1 Rxe2 23. Bxf3 (23. Qxf3 Qxf3 24. Bxf3 Rxf2 $17) 23...
Qxh3+ 24. Kg1 Ree8 25. Nc7 $16) 22... b4 (22... Rxe3 23. Qxe3 Nxe1 24. Rxe1 $18
) 23. Qxb4 (23. Qxg7+ Kxg7 24. Nxf5+ Kf6 25. Rxe2 Rxe2 26. Bxf3 Rxf2 27. Nh4
Rxb2 $15) (23. Nxf5 $2 bxc3 24. Rxe2 Rxe2 25. Bxf3 cxb2 26. Rb1 Rxf2 $19) 23...
Rxe3 24. fxe3 Nxe1 25. Qxe1 Bf3 26. Bxf3 Qxf3+ 27. Kg1 (27. Kh2 h5 $10) 27...
h5 28. Qf2 Qxf2+ (28... Qxf2+ 29. Kxf2 Rd2+ 30. Kf3 Rxb2 31. a3 Rb3 $10)
1/2-1/2